000 00348nab a22001097u 4500
008 130520b1986 xxu||||| |||| 00| 0 eng d
041 _aeng
100 1 _aMurphy, John W.
_950101
245 0 0 _aCultural manifestations of postmodernism
_cJohn W. Murphy
773 0 _tPhilosophy Today
_gV.30, nº4/4,1986,págs. 346-353
_x0031-8256
_wRev325
942 _cAR
999 _c302885
_d302885